00475cam a2200181ua 45000010006000000050017000060080039000230200018000620400009000800410008000890820011000971000032001082450065001402500012002052600047002173000010002646530019002741181220260515114813.0191109n ii |||gr||||Z||||||eng a9781316646526 cMAIN aeng a821.54 aRosinka Chaudhary,eEditor. aHistory of indian poetry in englishcEd by Rosinka Chaudhary a1st ed. aDelhi:bCambridge university press,c2017. a468p. aEnglish poetry